| 000 | 00815nam a22002177a 4500 | ||
|---|---|---|---|
| 003 | OSt | ||
| 005 | 20260316012618.0 | ||
| 008 | 260316b |||||||| |||| 00| 0 eng d | ||
| 020 | _a0-7136-4256-4 | ||
| 040 |
_aDWCL GS lib _cOC |
||
| 082 | _aP855c 1995 | ||
| 100 | _aPOTTER, TESSA | ||
| 245 |
_aChillers: the dinner lady _c TESSA POTTER |
||
| 260 |
_aLondon _bA & C Black _c1996. |
||
| 300 |
_a64 p _c 20 m |
||
| 520 | _a a sinister new dinner lady arrives at a school, causing a miserable, tense atmosphere and making children unhappy. | ||
| 650 | _aSafetyCulture to digitize their kitchen operations and food safety procedures | ||
| 650 | _aThe story emphasizes believing in your own intuition, especially when something feels genuinely unsafe or menacing. | ||
| 700 | _aTESSA POTTER | ||
| 942 |
_2ddc _cFIC. _n0 |
||
| 999 |
_c9128 _d9128 |
||